[Event "DEM U16 2018"]
[Site "Willingen GER"]
[Date "2018.05.25"]
[Round "8"]
[White "Wong, Gengchun"]
[Black "Hoffmann, Lennard"]
[Result "1-0"]
[Termination "normal"]
[Board "7"]
[WhiteElo "2120"]
[BlackElo "2013"]
[WhiteClock "00:00:58"]
[BlackClock "00:06:28"]
[PlyCount "63"]
[WhiteFideId "12963283"]
[BlackFideId "12943495"]
[EventCountry "GER"]
[EventRounds "9"]
[EventType "swiss"]
[EventDate "2018.05.19"]

1. e4 {[%clk 1:30:57]} 1... c5 {[%clk 1:30:57]} 2. Nf3 {[%clk 1:31:23]} 2... d6
{[%clk 1:31:22]} 3. d4 {[%clk 1:31:50]} 3... cxd4 {[%clk 1:31:48]} 4. Nxd4 {
[%clk 1:32:15]} 4... Nf6 {[%clk 1:32:11]} 5. Nc3 {[%clk 1:32:41]} 5... a6 {
[%clk 1:32:30]} 6. Bg5 {[%clk 1:33:05]} 6... e6 {[%clk 1:32:48]} 7. f4 { [%clk
1:33:31]} 7... h6 {[%clk 1:33:08]} 8. Bh4 {[%clk 1:33:56]} 8... Be7 { [%clk
1:30:57]} 9. Qf3 {[%clk 1:34:00]} 9... Qc7 {[%clk 1:31:04]} 10. O-O-O { [%clk
1:34:22]} 10... Nbd7 {[%clk 1:31:23]} 11. Be2 {[%clk 1:34:31]} 11... O-O {[%clk
1:31:04]} 12. g4 {[%clk 1:32:06]} 12... b5 {[%clk 1:30:46]} 13. g5 { [%clk
1:17:09]} 13... hxg5 {[%clk 1:28:21]} 14. Bxg5 {[%clk 1:16:34]} 14... b4 {[%clk
1:26:43]} 15. Nd5 {[%clk 1:05:51]} 15... Nxd5 {[%clk 1:09:25]} 16. exd5 {[%clk
1:04:11]} 16... Bxg5 {[%clk 1:07:33]} 17. dxe6 {[%clk 0:45:16]} 17... Nb6
{[%clk 0:58:08]} 18. fxg5 {[%clk 0:44:33]} 18... Bb7 {[%clk 0:44:16]} 19. Qh3
{[%clk 0:42:34]} 19... Bxh1 {[%clk 0:40:59]} 20. Rxh1 {[%clk 0:35:24]} 20...
Qc5 {[%clk 0:36:11]} 21. Rd1 {[%clk 0:27:46]} 21... Qxg5+ {[%clk 0:32:35] } 22.
Kb1 {[%clk 0:28:12]} 22... Qh6 {[%clk 0:27:15]} 23. Qg3 {[%clk 0:23:50]} 23...
fxe6 {[%clk 0:26:12]} 24. Qxd6 {[%clk 0:22:28]} 24... e5 {[%clk 0:26:06]} 25.
Ne6 {[%clk 0:20:52]} 25... Rf2 {[%clk 0:22:57]} 26. Qxb6 {[%clk 0:06:20]} 26...
Rxe2 {[%clk 0:23:09]} 27. Qc6 {[%clk 0:06:37]} 27... Kh7 {[%clk 0:12:37]} 28.
h4 {[%clk 0:04:54]} 28... Rd8 {[%clk 0:10:03]} 29. Rg1 {[%clk 0:02:17]} 29...
Qxh4 {[%clk 0:08:33]} 30. Qh1 {[%clk 0:01:05]} 30... Rh2 {[%clk 0:07:57]} 31.
Qb7 {[%clk 0:00:53]} 31... Qh6 {[%clk 0:06:28]} 32. Nxd8 {[%clk 0:00:58]} 1-0

[Event "DEM U16 2018"]
[Site "Willingen GER"]
[Date "2018.05.25"]
[Round "8"]
[White "Richter, Nils"]
[Black "Biastoch, Bennet"]
[Result "1/2-1/2"]
[Termination "normal"]
[Board "9"]
[WhiteElo "2096"]
[BlackElo "2173"]
[WhiteClock "00:21:32"]
[BlackClock "00:12:20"]
[PlyCount "118"]
[WhiteFideId "12990809"]
[BlackFideId "12939889"]
[EventCountry "GER"]
[EventRounds "9"]
[EventType "swiss"]
[EventDate "2018.05.19"]

1. e4 {[%clk 1:30:59]} 1... c5 {[%clk 1:30:55]} 2. Nf3 {[%clk 1:31:23]} 2... a6
{[%clk 1:31:21]} 3. c4 {[%clk 1:31:23]} 3... e6 {[%clk 1:31:06]} 4. Nc3 { [%clk
1:30:30]} 4... Qc7 {[%clk 1:28:59]} 5. Be2 {[%clk 1:30:11]} 5... Nc6 { [%clk
1:26:54]} 6. d4 {[%clk 1:28:36]} 6... cxd4 {[%clk 1:26:11]} 7. Nxd4 { [%clk
1:28:58]} 7... Nf6 {[%clk 1:25:08]} 8. O-O {[%clk 1:28:08]} 8... Bb4 { [%clk
1:15:26]} 9. Nxc6 {[%clk 1:24:28]} 9... dxc6 {[%clk 1:14:09]} 10. Qc2 { [%clk
1:23:34]} 10... e5 {[%clk 1:06:40]} 11. Bg5 {[%clk 1:20:05]} 11... Be7 { [%clk
1:05:35]} 12. Na4 {[%clk 1:09:44]} 12... O-O {[%clk 0:58:48]} 13. c5 { [%clk
1:07:29]} 13... h6 {[%clk 0:50:39]} 14. Nb6 {[%clk 1:00:21]} 14... Rb8 { [%clk
0:49:13]} 15. Bd2 {[%clk 0:52:29]} 15... Nd7 {[%clk 0:35:52]} 16. Nxc8 { [%clk
0:49:42]} 16... Rbxc8 {[%clk 0:34:07]} 17. Be3 {[%clk 0:48:20]} 17... Rfd8
{[%clk 0:30:26]} 18. Rfd1 {[%clk 0:41:52]} 18... Nf8 {[%clk 0:26:06]} 19. Bc4
{[%clk 0:38:16]} 19... Bf6 {[%clk 0:24:21]} 20. Qb3 {[%clk 0:36:41]} 20... Qe7
{[%clk 0:23:20]} 21. Rd6 {[%clk 0:34:31]} 21... Rc7 {[%clk 0:20:29]} 22. Rad1
{[%clk 0:33:32]} 22... Rcd7 {[%clk 0:20:11]} 23. h3 {[%clk 0:30:45]} 23... b5
{[%clk 0:19:30]} 24. Rxd7 {[%clk 0:28:48]} 24... Rxd7 {[%clk 0:19:42]} 25. Be2
{[%clk 0:28:22]} 25... Rxd1+ {[%clk 0:19:27]} 26. Qxd1 {[%clk 0:28:17]} 26...
Ne6 {[%clk 0:19:32]} 27. Qd6 {[%clk 0:24:38]} 27... Qxd6 {[%clk 0:17:28]} 28.
cxd6 {[%clk 0:25:06]} 28... Kf8 {[%clk 0:17:50]} 29. Bg4 {[%clk 0:22:09]} 29...
Ke8 {[%clk 0:16:53]} 30. Bxe6 {[%clk 0:12:10]} 30... fxe6 {[%clk 0:17:18] } 31.
g4 {[%clk 0:07:17]} 31... Kd7 {[%clk 0:16:29]} 32. Bc5 {[%clk 0:07:28]} 32...
g6 {[%clk 0:15:31]} 33. Kf1 {[%clk 0:07:01]} 33... Bg7 {[%clk 0:15:29]} 34. Ke2
{[%clk 0:07:03]} 34... Bf8 {[%clk 0:14:40]} 35. Kd3 {[%clk 0:07:20]} 35... Bxd6
{[%clk 0:14:29]} 36. Be3 {[%clk 0:07:46]} 36... Bf8 {[%clk 0:12:45]} 37. b3
{[%clk 0:07:37]} 37... c5 {[%clk 0:11:15]} 38. f3 {[%clk 0:07:29]} 38... Kc6
{[%clk 0:08:14]} 39. Bd2 {[%clk 0:06:52]} 39... h5 {[%clk 0:07:51]} 40. Bc3
{[%clk 0:06:58]} 40... Kd6 {[%clk 0:07:00]} 41. Bd2 {[%clk 0:05:06]} 41... Be7
{[%clk 0:07:14]} 42. Be1 {[%clk 0:04:08]} 42... Bg5 {[%clk 0:06:31]} 43. Bc3 {
[%clk 0:04:10]} 43... Bf4 {[%clk 0:05:14]} 44. Be1 {[%clk 0:04:22]} 44... Bg5 {
[%clk 0:03:49]} 45. Bc3 {[%clk 0:04:25]} 45... Bc1 {[%clk 0:04:10]} 46. Be1 {
[%clk 0:04:36]} 46... Bb2 {[%clk 0:03:56]} 47. Bd2 {[%clk 0:04:21]} 47... Bd4 {
[%clk 0:03:53]} 48. Be1 {[%clk 0:04:12]} 48... Kc6 {[%clk 0:30:09]} 49. Bd2 {
[%clk 0:33:38]} 49... Kb6 {[%clk 0:30:13]} 50. Be1 {[%clk 0:33:57]} 50... a5 {
[%clk 0:26:04]} 51. Bd2 {[%clk 0:33:52]} 51... a4 {[%clk 0:26:18]} 52. Be1 {
[%clk 0:34:08]} 52... Kc6 {[%clk 0:25:58]} 53. Bd2 {[%clk 0:34:18]} 53... Kd6 {
[%clk 0:25:54]} 54. Be1 {[%clk 0:33:30]} 54... Ke7 {[%clk 0:26:04]} 55. Bd2 {
[%clk 0:33:24]} 55... Kf6 {[%clk 0:25:12]} 56. Bc1 {[%clk 0:33:27]} 56... c4+ {
[%clk 0:20:06]} 57. bxc4 {[%clk 0:33:25]} 57... b4 {[%clk 0:20:31]} 58. Kc2 {
[%clk 0:26:47]} 58... Bc3 {[%clk 0:15:12]} 59. Be3 {[%clk 0:21:32]} 59... Be1 {
[%clk 0:12:20]} 1/2-1/2

[Event "DEM U16 2018"]
[Site "Willingen GER"]
[Date "2018.05.25"]
[Round "8"]
[White "Yankelevich, Michael"]
[Black "Lange, Jannis"]
[Result "1-0"]
[Termination "normal"]
[Board "10"]
[WhiteElo "1986"]
[BlackElo "1919"]
[WhiteClock "01:04:32"]
[BlackClock "00:01:06"]
[PlyCount "79"]
[WhiteFideId "12921440"]
[BlackFideId "12993107"]
[EventCountry "GER"]
[EventRounds "9"]
[EventType "swiss"]
[EventDate "2018.05.19"]

1. e4 {[%clk 1:30:57]} 1... c5 {[%clk 1:30:55]} 2. Nc3 {[%clk 1:31:23]} 2...
Nc6 {[%clk 1:30:51]} 3. Bb5 {[%clk 1:31:47]} 3... Nd4 {[%clk 1:30:32]} 4. Bc4 {
[%clk 1:32:06]} 4... e6 {[%clk 1:30:18]} 5. Nge2 {[%clk 1:31:28]} 5... Ne7 {
[%clk 1:30:06]} 6. d3 {[%clk 1:30:36]} 6... Nec6 {[%clk 1:29:04]} 7. O-O {
[%clk 1:30:16]} 7... Be7 {[%clk 1:26:23]} 8. f4 {[%clk 1:29:07]} 8... O-O {
[%clk 1:20:57]} 9. h3 {[%clk 1:26:21]} 9... f5 {[%clk 1:05:32]} 10. Nxd4 {
[%clk 1:24:20]} 10... cxd4 {[%clk 0:54:08]} 11. Ne2 {[%clk 1:24:23]} 11... d5 {
[%clk 0:42:45]} 12. exd5 {[%clk 1:23:27]} 12... exd5 {[%clk 0:43:10]} 13. Bb3 {
[%clk 1:22:57]} 13... Kh8 {[%clk 0:41:34]} 14. Ng3 {[%clk 1:21:42]} 14... Be6 {
[%clk 0:34:21]} 15. Qf3 {[%clk 1:20:37]} 15... Bg8 {[%clk 0:32:56]} 16. Bd2 {
[%clk 1:15:58]} 16... Qd7 {[%clk 0:29:17]} 17. Rae1 {[%clk 1:13:43]} 17... Bh4
{[%clk 0:27:49]} 18. Re2 {[%clk 1:13:42]} 18... Rf6 {[%clk 0:22:17]} 19. Be1 {
[%clk 1:09:11]} 19... Rg6 {[%clk 0:15:41]} 20. Bf2 {[%clk 1:09:05]} 20... a5 {
[%clk 0:12:42]} 21. Ba4 {[%clk 1:08:17]} 21... Rb8 {[%clk 0:11:56]} 22. Bb5 {
[%clk 1:07:21]} 22... Qf7 {[%clk 0:07:04]} 23. Rfe1 {[%clk 1:06:35]} 23... Qf6
{[%clk 0:06:29]} 24. Kh2 {[%clk 1:05:07]} 24... Bxg3+ {[%clk 0:05:40]} 25. Bxg3
{[%clk 1:05:30]} 25... Qd6 {[%clk 0:06:01]} 26. a4 {[%clk 1:04:39]} 26... Na7 {
[%clk 0:05:17]} 27. Be8 {[%clk 1:03:05]} 27... Re6 {[%clk 0:05:33]} 28. Qh5 {
[%clk 1:02:39]} 28... Rbxe8 {[%clk 0:05:25]} 29. Qxe8 {[%clk 1:02:47]} 29...
Rxe8 {[%clk 0:05:50]} 30. Rxe8 {[%clk 1:03:16]} 30... Nc6 {[%clk 0:03:57]} 31.
Ra8 {[%clk 1:03:16]} 31... Ne7 {[%clk 0:02:42]} 32. Bh4 {[%clk 1:03:13]} 32...
Qxf4+ {[%clk 0:02:17]} 33. Bg3 {[%clk 1:03:40]} 33... Qg5 {[%clk 0:02:39]} 34.
Bd6 {[%clk 1:04:06]} 34... f4 {[%clk 0:00:34]} 35. Rxe7 {[%clk 1:04:03]} 35...
Qg3+ {[%clk 0:00:40]} 36. Kh1 {[%clk 1:04:22]} 36... h6 {[%clk 0:00:36]} 37.
Rf8 {[%clk 1:03:53]} 37... Kh7 {[%clk 0:00:35]} 38. Bxf4 {[%clk 1:03:52]} 38...
Qf2 {[%clk 0:00:50]} 39. Rxg7+ {[%clk 1:04:04]} 39... Kxg7 {[%clk 0:01:06]} 40.
Bxh6+ {[%clk 1:04:32]} 1-0

[Event "DEM U16 2018"]
[Site "Willingen GER"]
[Date "2018.05.25"]
[Round "8"]
[White "Stork, Oliver"]
[Black "Mohammadi Nia, Borna"]
[Result "1-0"]
[Termination "normal"]
[Board "11"]
[WhiteElo "2195"]
[BlackElo "2029"]
[WhiteClock "00:17:33"]
[BlackClock "00:23:10"]
[PlyCount "89"]
[WhiteFideId "12955728"]
[BlackFideId "16207319"]
[EventCountry "GER"]
[EventRounds "9"]
[EventType "swiss"]
[EventDate "2018.05.19"]

1. b3 {[%clk 1:30:58]} 1... Nf6 {[%clk 1:30:49]} 2. Bb2 {[%clk 1:31:22]} 2...
g6 {[%clk 1:31:17]} 3. Nf3 {[%clk 1:31:25]} 3... Bg7 {[%clk 1:31:36]} 4. g3 {
[%clk 1:31:39]} 4... O-O {[%clk 1:31:53]} 5. Bg2 {[%clk 1:32:04]} 5... d5 {
[%clk 1:32:08]} 6. O-O {[%clk 1:32:25]} 6... c6 {[%clk 1:31:44]} 7. d3 { [%clk
1:29:50]} 7... Nbd7 {[%clk 1:31:51]} 8. Nbd2 {[%clk 1:28:29]} 8... Re8 { [%clk
1:31:16]} 9. e4 {[%clk 1:27:13]} 9... e5 {[%clk 1:28:52]} 10. Re1 { [%clk
1:22:17]} 10... d4 {[%clk 1:22:12]} 11. a4 {[%clk 1:19:02]} 11... Nf8 { [%clk
1:17:42]} 12. Nc4 {[%clk 1:17:48]} 12... Qc7 {[%clk 1:13:38]} 13. a5 { [%clk
1:16:09]} 13... Bg4 {[%clk 1:09:24]} 14. Qd2 {[%clk 1:05:05]} 14... Bxf3 {[%clk
0:57:03]} 15. Bxf3 {[%clk 1:05:30]} 15... b5 {[%clk 0:57:25]} 16. axb6 { [%clk
1:05:49]} 16... axb6 {[%clk 0:57:44]} 17. b4 {[%clk 1:00:10]} 17... Ne6 { [%clk
0:53:45]} 18. c3 {[%clk 0:55:53]} 18... Rad8 {[%clk 0:45:09]} 19. Ra6 { [%clk
0:50:38]} 19... dxc3 {[%clk 0:40:14]} 20. Bxc3 {[%clk 0:50:39]} 20... Nd4
{[%clk 0:40:28]} 21. Bxd4 {[%clk 0:44:38]} 21... Rxd4 {[%clk 0:40:54]} 22. Qc3
{[%clk 0:44:52]} 22... Red8 {[%clk 0:40:09]} 23. Be2 {[%clk 0:45:11]} 23... Bf8
{[%clk 0:38:12]} 24. Rea1 {[%clk 0:35:47]} 24... b5 {[%clk 0:26:10]} 25. Ra7 {
[%clk 0:32:25]} 25... Qb8 {[%clk 0:26:12]} 26. Ra8 {[%clk 0:24:14]} 26... Qxa8
{[%clk 0:24:34]} 27. Rxa8 {[%clk 0:24:39]} 27... Rxa8 {[%clk 0:25:01]} 28. Nxe5
{[%clk 0:25:02]} 28... Rd6 {[%clk 0:19:48]} 29. Nxc6 {[%clk 0:24:46]} 29... Ra6
{[%clk 0:17:42]} 30. Nd4 {[%clk 0:19:15]} 30... Rdb6 {[%clk 0:16:41]} 31. Bf3 {
[%clk 0:16:25]} 31... Nd7 {[%clk 0:12:01]} 32. Qc7 {[%clk 0:10:37]} 32... Rd6 {
[%clk 0:07:25]} 33. Nxb5 {[%clk 0:11:00]} 33... Rxd3 {[%clk 0:07:47]} 34. Bg4 {
[%clk 0:09:02]} 34... Nf6 {[%clk 0:07:11]} 35. Be2 {[%clk 0:09:04]} 35... Rd2 {
[%clk 0:07:20]} 36. Bc4 {[%clk 0:09:12]} 36... Rd7 {[%clk 0:06:01]} 37. Qc8 {
[%clk 0:08:53]} 37... Ra1+ {[%clk 0:05:47]} 38. Kg2 {[%clk 0:09:17]} 38... Rad1
{[%clk 0:02:56]} 39. e5 {[%clk 0:08:03]} 39... Rd8 {[%clk 0:03:02]} 40. Qc6 {
[%clk 0:07:12]} 40... Ng4 {[%clk 0:02:15]} 41. Qe4 {[%clk 0:24:05]} 41... Nh6 {
[%clk 0:30:22]} 42. e6 {[%clk 0:21:01]} 42... fxe6 {[%clk 0:24:56]} 43. Nc7 {
[%clk 0:17:26]} 43... R8d4 {[%clk 0:22:45]} 44. Qxe6+ {[%clk 0:17:24]} 44...
Kh8 {[%clk 0:23:10]} 45. Qe5+ {[%clk 0:17:33]} 1-0

[Event "DEM U16 2018"]
[Site "Willingen GER"]
[Date "2018.05.25"]
[Round "8"]
[White "Recktenwald, Cedric"]
[Black "Holinka, Henning"]
[Result "0-1"]
[Termination "normal"]
[Board "12"]
[WhiteElo "1826"]
[BlackElo "2185"]
[WhiteClock "00:01:38"]
[BlackClock "00:41:08"]
[PlyCount "48"]
[WhiteFideId "12971928"]
[BlackFideId "12967084"]
[EventCountry "GER"]
[EventRounds "9"]
[EventType "swiss"]
[EventDate "2018.05.19"]

1. e4 {[%clk 1:30:57]} 1... g6 {[%clk 1:30:55]} 2. d4 {[%clk 1:31:21]} 2... Bg7
{[%clk 1:31:20]} 3. Nc3 {[%clk 1:31:12]} 3... d6 {[%clk 1:31:41]} 4. f4 { [%clk
1:30:26]} 4... a6 {[%clk 1:32:02]} 5. Nf3 {[%clk 1:30:05]} 5... b5 { [%clk
1:32:23]} 6. Bd3 {[%clk 1:29:23]} 6... Bb7 {[%clk 1:30:01]} 7. e5 { [%clk
1:19:07]} 7... c5 {[%clk 1:28:40]} 8. dxc5 {[%clk 1:07:25]} 8... dxe5 { [%clk
1:27:50]} 9. fxe5 {[%clk 1:07:26]} 9... Qc7 {[%clk 1:24:14]} 10. e6 { [%clk
1:03:43]} 10... f5 {[%clk 1:20:55]} 11. O-O {[%clk 0:54:37]} 11... Nf6 { [%clk
1:17:55]} 12. Qe2 {[%clk 0:50:36]} 12... Ng4 {[%clk 1:12:17]} 13. Kh1 { [%clk
0:45:17]} 13... Qxc5 {[%clk 1:09:01]} 14. Bf4 {[%clk 0:33:24]} 14... Nc6 {[%clk
1:07:01]} 15. Rad1 {[%clk 0:28:33]} 15... O-O {[%clk 1:05:18]} 16. h3 { [%clk
0:21:21]} 16... Nf6 {[%clk 1:04:22]} 17. a3 {[%clk 0:17:58]} 17... Nh5 { [%clk
1:03:24]} 18. Bh2 {[%clk 0:17:39]} 18... Nd4 {[%clk 1:01:50]} 19. Nxd4 { [%clk
0:17:21]} 19... Bxd4 {[%clk 1:02:05]} 20. Rxf5 {[%clk 0:09:59]} 20... Rxf5
{[%clk 0:59:52]} 21. Bxf5 {[%clk 0:10:20]} 21... Bxc3 {[%clk 0:55:35]} 22. Be4
{[%clk 0:10:39]} 22... Be5 {[%clk 0:42:06]} 23. g4 {[%clk 0:01:14]} 23... Bxh2
{[%clk 0:41:13]} 24. gxh5 {[%clk 0:01:38]} 24... Qe5 {[%clk 0:41:08]} 0-1

[Event "DEM U16 2018"]
[Site "Willingen GER"]
[Date "2018.05.25"]
[Round "8"]
[White "Woithe, Daniel"]
[Black "Wensing, Maximilian"]
[Result "1/2-1/2"]
[Termination "normal"]
[Board "13"]
[WhiteElo "1894"]
[BlackElo "2088"]
[WhiteClock "00:08:15"]
[BlackClock "00:55:36"]
[PlyCount "54"]
[WhiteFideId "16244648"]
[BlackFideId "16222415"]
[EventCountry "GER"]
[EventRounds "9"]
[EventType "swiss"]
[EventDate "2018.05.19"]

1. e4 {[%clk 1:30:59]} 1... c5 {[%clk 1:30:55]} 2. c3 {[%clk 1:31:25]} 2... Nf6
{[%clk 1:31:20]} 3. e5 {[%clk 1:31:51]} 3... Nd5 {[%clk 1:31:45]} 4. d4 { [%clk
1:32:13]} 4... cxd4 {[%clk 1:26:23]} 5. Nf3 {[%clk 1:32:33]} 5... Nc6 { [%clk
1:26:49]} 6. cxd4 {[%clk 1:32:58]} 6... d6 {[%clk 1:27:15]} 7. Bc4 { [%clk
1:33:20]} 7... dxe5 {[%clk 1:27:39]} 8. dxe5 {[%clk 1:31:22]} 8... Ndb4 { [%clk
1:28:04]} 9. Qb3 {[%clk 1:17:43]} 9... e6 {[%clk 1:28:29]} 10. O-O { [%clk
1:11:41]} 10... Na5 {[%clk 1:28:48]} 11. Bb5+ {[%clk 1:07:53]} 11... Bd7 {[%clk
1:28:40]} 12. Qa4 {[%clk 1:07:14]} 12... Bxb5 {[%clk 1:29:04]} 13. Qxb5+ {[%clk
1:07:37]} 13... Nac6 {[%clk 1:29:31]} 14. Nc3 {[%clk 1:01:40]} 14... a6 {[%clk
1:27:14]} 15. Qe2 {[%clk 1:00:36]} 15... Qd3 {[%clk 1:26:49]} 16. Bf4 { [%clk
0:54:07]} 16... Qxe2 {[%clk 1:20:57]} 17. Nxe2 {[%clk 0:51:49]} 17... O-O-O
{[%clk 1:20:09]} 18. Rfd1 {[%clk 0:39:09]} 18... Nd3 {[%clk 1:12:33]} 19. Ng5
{[%clk 0:15:29]} 19... Ndxe5 {[%clk 1:05:12]} 20. Bxe5 {[%clk 0:14:52]} 20...
Rxd1+ {[%clk 1:03:52]} 21. Rxd1 {[%clk 0:15:16]} 21... Nxe5 { [%clk 1:04:19]}
22. f4 {[%clk 0:11:00]} 22... Be7 {[%clk 1:04:12]} 23. Nxe6 { [%clk 0:10:13]}
23... Nf3+ {[%clk 1:01:32]} 24. Kf2 {[%clk 0:08:24]} 24... fxe6 {[%clk
0:56:15]} 25. Kxf3 {[%clk 0:08:50]} 25... Bf6 {[%clk 0:56:40]} 26. b3 { [%clk
0:08:58]} 26... Re8 {[%clk 0:56:12]} 27. Ke4 {[%clk 0:08:15]} 27... Kc7 { [%clk
0:55:36]} 1/2-1/2

[Event "DEM U16 2018"]
[Site "Willingen GER"]
[Date "2018.05.26"]
[Round "9"]
[White "Zimmer, Raphael"]
[Black "Färber, David"]
[Result "1/2-1/2"]
[Termination "normal"]
[Board "1"]
[WhiteTitle "FM"]
[WhiteElo "2146"]
[BlackElo "2256"]
[WhiteClock "01:10:54"]
[BlackClock "00:19:48"]
[PlyCount "90"]
[WhiteFideId "12978841"]
[BlackFideId "12971294"]
[EventCountry "GER"]
[EventRounds "9"]
[EventType "swiss"]
[EventDate "2018.05.19"]

1. e4 {[%clk 1:30:58]} 1... c6 {[%clk 1:30:37]} 2. c4 {[%clk 1:31:16]} 2... d5
{[%clk 1:31:01]} 3. exd5 {[%clk 1:31:37]} 3... cxd5 {[%clk 1:31:25]} 4. cxd5 {
[%clk 1:31:54]} 4... Nf6 {[%clk 1:31:47]} 5. Nc3 {[%clk 1:32:01]} 5... Nxd5 {
[%clk 1:32:09]} 6. Nf3 {[%clk 1:32:07]} 6... Nc6 {[%clk 1:32:33]} 7. Bb5 {
[%clk 1:32:00]} 7... e6 {[%clk 1:32:46]} 8. d4 {[%clk 1:32:12]} 8... Be7 {
[%clk 1:32:59]} 9. O-O {[%clk 1:31:59]} 9... O-O {[%clk 1:33:21]} 10. Re1 {
[%clk 1:31:28]} 10... Bd7 {[%clk 1:32:32]} 11. Bd3 {[%clk 1:30:52]} 11... Qb6 {
[%clk 1:32:28]} 12. Nxd5 {[%clk 1:23:54]} 12... exd5 {[%clk 1:31:48]} 13. Bg5 {
[%clk 1:20:49]} 13... Bxg5 {[%clk 1:22:04]} 14. Nxg5 {[%clk 1:21:09]} 14... g6
{[%clk 1:21:23]} 15. Bf1 {[%clk 1:20:11]} 15... Qxd4 {[%clk 1:18:03]} 16. Qb3 {
[%clk 1:19:00]} 16... Qf4 {[%clk 1:02:56]} 17. Qxd5 {[%clk 1:11:31]} 17... Rad8
{[%clk 1:00:46]} 18. Nf3 {[%clk 1:11:23]} 18... Bg4 {[%clk 0:55:09]} 19. Qg5 {
[%clk 1:11:27]} 19... Qxg5 {[%clk 0:54:37]} 20. Nxg5 {[%clk 1:11:46]} 20... Kg7
{[%clk 0:53:48]} 21. h3 {[%clk 1:10:50]} 21... Bc8 {[%clk 0:48:52]} 22. Nf3 {
[%clk 1:07:57]} 22... Nd4 {[%clk 0:47:55]} 23. Nxd4 {[%clk 1:07:52]} 23... Rxd4
{[%clk 0:48:18]} 24. Re7 {[%clk 1:07:52]} 24... Rd7 {[%clk 0:47:10]} 25. Rxd7 {
[%clk 1:07:36]} 25... Bxd7 {[%clk 0:47:32]} 26. Rc1 {[%clk 1:07:27]} 26... Rc8
{[%clk 0:47:37]} 27. Rxc8 {[%clk 1:07:34]} 27... Bxc8 {[%clk 0:48:02]} 28. f4 {
[%clk 1:07:47]} 28... Be6 {[%clk 0:48:16]} 29. a3 {[%clk 1:08:16]} 29... f6 {
[%clk 0:45:16]} 30. Kf2 {[%clk 1:08:34]} 30... Kf7 31. Ke3 31... Ke7 { [%clk
0:45:40]} 32. Kd4 {[%clk 1:08:28]} 32... Kd6 33. Bd3 33... b6 { [%clk 0:43:16]}
34. h4 {[%clk 1:08:55]} 34... Bg4 {[%clk 0:41:47]} 35. g3 { [%clk 1:09:05]}
35... Kc6 {[%clk 0:36:41]} 36. Bc2 {[%clk 1:08:50]} 36... Kd6 { [%clk 0:36:23]}
37. Be4 {[%clk 1:09:02]} 37... Ke6 {[%clk 0:33:12]} 38. Bd5+ { [%clk 1:08:55]}
38... Kd6 {[%clk 0:33:33]} 39. Bg8 {[%clk 1:09:01]} 39... h6 { [%clk 0:24:55]}
40. Bf7 {[%clk 1:09:15]} 40... g5 {[%clk 0:20:32]} 41. fxg5 { [%clk 1:09:37]}
41... fxg5 {[%clk 0:20:53]} 42. hxg5 {[%clk 1:09:58]} 42... hxg5 {[%clk
0:21:19]} 43. Ke4 {[%clk 1:10:15]} 43... Bd7 {[%clk 0:20:27]} 44. Bg6 {[%clk
1:10:34]} 44... Bc8 {[%clk 0:19:29]} 45. Bf5 {[%clk 1:10:54]} 45... Bb7+ {[%clk
0:19:48]} 1/2-1/2

[Event "DEM U16 2018"]
[Site "Willingen GER"]
[Date "2018.05.26"]
[Round "9"]
[White "Engel, Luis"]
[Black "Pajeken, Jakob Leon"]
[Result "1-0"]
[Termination "normal"]
[Board "2"]
[WhiteElo "2461"]
[BlackElo "2278"]
[WhiteClock "00:28:32"]
[BlackClock "00:53:31"]
[PlyCount "85"]
[WhiteFideId "12961523"]
[BlackFideId "12942839"]
[EventCountry "GER"]
[EventRounds "9"]
[EventType "swiss"]
[EventDate "2018.05.19"]

1. e4 {[%clk 1:30:58]} 1... e5 {[%clk 1:30:55]} 2. Nf3 {[%clk 1:31:24]} 2...
Nc6 {[%clk 1:31:21]} 3. Bb5 {[%clk 1:31:49]} 3... a6 {[%clk 1:31:47]} 4. Ba4 {
[%clk 1:32:15]} 4... Nf6 {[%clk 1:32:12]} 5. O-O {[%clk 1:32:39]} 5... Be7 {
[%clk 1:32:39]} 6. d3 {[%clk 1:33:04]} 6... d6 {[%clk 1:33:02]} 7. c3 { [%clk
1:33:29]} 7... O-O {[%clk 1:33:25]} 8. Re1 {[%clk 1:33:56]} 8... b5 { [%clk
1:33:50]} 9. Bc2 {[%clk 1:34:21]} 9... Re8 {[%clk 1:34:16]} 10. Nbd2 { [%clk
1:34:46]} 10... Bf8 {[%clk 1:34:42]} 11. Nf1 {[%clk 1:35:07]} 11... h6 { [%clk
1:35:07]} 12. Ng3 {[%clk 1:33:24]} 12... d5 {[%clk 1:35:31]} 13. exd5 { [%clk
1:29:24]} 13... Nxd5 {[%clk 1:35:49]} 14. Bd2 {[%clk 1:29:03]} 14... Bb7 {[%clk
1:30:13]} 15. a4 {[%clk 1:26:30]} 15... b4 {[%clk 1:23:25]} 16. a5 { [%clk
1:25:27]} 16... Rb8 {[%clk 1:14:04]} 17. Ba4 {[%clk 1:21:47]} 17... Qf6 { [%clk
1:08:32]} 18. Ne4 {[%clk 1:13:46]} 18... Qg6 {[%clk 1:07:55]} 19. Nh4 { [%clk
1:08:57]} 19... Qe6 {[%clk 1:06:40]} 20. Qf3 {[%clk 1:07:08]} 20... bxc3 {[%clk
1:03:54]} 21. bxc3 {[%clk 1:07:26]} 21... Red8 {[%clk 1:03:19]} 22. Bb3 {[%clk
1:03:46]} 22... Bc8 {[%clk 1:01:12]} 23. Bc4 {[%clk 1:02:24]} 23... Be7 {[%clk
0:57:21]} 24. Qg3 {[%clk 0:58:16]} 24... f5 {[%clk 0:51:07]} 25. Ng6 { [%clk
0:52:56]} 25... Kh7 {[%clk 0:50:19]} 26. Nxe7 {[%clk 0:53:15]} 26... Qxe7
{[%clk 0:49:42]} 27. Qf3 {[%clk 0:50:19]} 27... Nf6 {[%clk 0:38:06]} 28. Nxf6+
{[%clk 0:34:48]} 28... Qxf6 {[%clk 0:38:25]} 29. Be3 {[%clk 0:32:37]} 29... Rb2
{[%clk 0:36:05]} 30. Qd1 {[%clk 0:28:59]} 30... Ne7 {[%clk 0:30:38]} 31. Qc1 {
[%clk 0:27:46]} 31... Rb8 {[%clk 0:30:46]} 32. f4 {[%clk 0:27:30]} 32... e4 {
[%clk 0:28:22]} 33. dxe4 {[%clk 0:26:07]} 33... fxe4 {[%clk 0:27:59]} 34. Ba7 {
[%clk 0:25:48]} 34... Ra8 {[%clk 0:27:49]} 35. Bd4 {[%clk 0:26:09]} 35... Qc6 {
[%clk 0:27:32]} 36. Bb3 {[%clk 0:18:25]} 36... Nf5 {[%clk 0:26:33]} 37. Bc2 {
[%clk 0:18:08]} 37... Nd6 {[%clk 0:25:46]} 38. Qe3 {[%clk 0:16:56]} 38... Bb7 {
[%clk 0:24:59]} 39. Rab1 {[%clk 0:15:57]} 39... Re8 {[%clk 0:24:41]} 40. Be5 {
[%clk 0:14:16]} 40... Nc4 {[%clk 0:24:16]} 41. Qd4 {[%clk 0:29:47]} 41... Nd6 {
[%clk 0:53:08]} 42. Bxd6 {[%clk 0:28:08]} 42... cxd6 {[%clk 0:53:31]} 43. Ba4 {
[%clk 0:28:32]} 1-0